| 000 | 01386cam a22002174a 4500 | ||
|---|---|---|---|
| 005 | 20250605163949.0 | ||
| 008 | 250528s ||||||||||||||||||||||||d | ||
| 035 | _a15317 | ||
| 020 | _a273651021 | ||
| 040 |
_aGR-AtMCL _bgre _dGR-AtMCL _eAACR2 |
||
| 245 | 1 | _aOrganizational Behaviour / An Introductory Text: Fourth Edition | |
| 250 | _a4th | ||
| 260 |
_bFinancial Times - Prentice Hall, _c2001 |
||
| 300 | _a918 | ||
| 520 | _aThe fully revised edition of this successful text offers a definitive, multidisciplinary, social science based approach to organizational behavior. Acknowledgements, Prologue, The Organizational Context, The World Outside, Technology, Individuals in the Organization, Learning, Personality, Communication, Perception, Motivation, Groups and Teams in the Organization, Group Formation, Group Structure, Individuals in Groups, Teamworking, Organization Structures, Traditional Work Design, Elements of Structure, Early Organization Design, Organization Strategy and Design, Organization Processes, Organization Development, Organizational Change, Organization Culture, Human Resource Management, Organization Management, Leadership, Decision Making, Conflict, Power and Politics, References, Glossary, Name and Subject Index. | ||
| 700 | 1 |
_aBuchanan David _91217 |
|
| 700 | 1 |
_aHuczynski Andrzej _91218 |
|
| 942 | _cBK | ||
| 999 |
_c907 _d907 |
||